| 000 | 00962nam a22002895a 4500 | ||
|---|---|---|---|
| 006 | m||||f ||z 00| 0 | ||
| 008 | 150817t2001 inua frb 001 0 eng d | ||
| 010 | _a99064841 | ||
| 020 | _a0672317842 (pbk.) | ||
| 020 | _a9780672317842 | ||
| 040 |
_aEG-ScBUE _beng _cEG-ScBUE |
||
| 082 | 0 | 4 |
_a005.2762 _bWEL _222 |
| 100 | 1 |
_aWelling, Luke, _921439 |
|
| 245 | 1 | 0 |
_aPHP and MySQL Web development / _cLuke Welling and Laura Thomson. |
| 260 |
_aIndianapolis : _bSams, _cc.2001. |
||
| 300 |
_axxii, 867 p. : _bill. ; _c23 cm. + _e1 (CD/ROM 4 3/4 in.) |
||
| 500 | _aIndex : p. 689-867. | ||
| 504 | _aIncludes bibliographical references. | ||
| 590 | _ayassmeen ashraf | ||
| 650 | 0 |
_aPHP (Computer program language) _2BUEsh |
|
| 650 | 7 |
_aSQL (Computer program language) _2BUEsh _92657 |
|
| 650 | 0 |
_aWeb sites _xDesign. _2BUEsh |
|
| 651 | _2BUEsh | ||
| 653 |
_bCOMSCI _cAugust2015 |
||
| 700 | 1 |
_aThomson, Laura. _921444 |
|
| 942 |
_cBB _k005.2762 WEL _2ddc |
||
| 999 |
_c571 _d571 |
||